000 01058cab a2200241 4500
001 ABS39471
008 090401t1988 xxu||||| |||| 00| 0 eng d
035 _a(Sirsi) u17001
041 _aeng
110 _aAnthony Williams and Partners
_93
245 _aBo`ness Public School
260 _c1988
350 _a0
490 _aBuilding
_v253(7556) 22 July 1988, 43-50(8)
520 _aA Building Dossier describing refurbishment of a small primary school at Bo`ness in Scotland . This project, the first of many that Scotland`s Central Regional Council intend to carry out, involved linking two Victorian classroom blocks on a hillside by a new hall designed by the Council`s architects. Includes a cost commentary, architect, contractor and user reports, elemental cost analysis and contract and materials information. Photos.
650 _aBUILT ENVIRONMENT-BUILDING COSTS
650 _aBUILDING PROJECTS
650 _aREHABILITATION
650 _aSCHOOLS
690 _aBUILDING AND CONSTRUCTION-PROJECTS
942 _n0
948 _c04/03/1997
999 _c11262
_d11262